000 00430nam a2200169 i 4500
001 bg
100 1 _aPODBIELKOWSKI, Zbigniew
245 0 _aZarys hydrobotaniki /
_cZ. Podbielkowski, H. Tomaszewicz.
260 _aWarszawa :
_bPWN,
_c1979.
650 9 _aHydrobotanika
655 _aPodręczniki
700 1 _aTOMASZEWICZ, Henryk
040 _cBPK
041 _apol
942 _cKS
008 s pl f |000 0 pol
999 _c18855
_d18855
856 _uhttp://koha.tu.koszalin.pl/cgi-bin/koha/opac-detail.pl?biblionumber=18855
_yKatalog online BPK